Statistiques concernant Quels pays à le plus fort taux de tabagisme

Cliquez ici pour prendre le quiz!

Statistiques générales

  • Ce quiz a été pris 136 fois
  • Le résultat moyen est 3 sur 18

Statistiques - réponses

HintRéponse% Correct
33,4 %France
98%
33,5 %Grèce
35%
37,6 %Indonésie
29%
36,9 %Croatie
25%
39,8 %Serbie
25%
39 %Bulgarie
22%
35 %Bosnie-Herzégovine
18%
37 %Lettonie
14%
32 %Lituanie
13%
35,1 %Chypre
8%
38,2 %Liban
8%
48,5 %Nauru
6%
34,7 %Bangladesh
5%
34,8 %Jordanie
4%
40,6 %Kiribati
4%
39,3 %Papouasie-Nouvelle-Guinée
2%
39,2 %Timor oriental
2%
44, 1 %Myanmar
0%

Distribution des résultats

Percentile par nombre de réponses

% des personnes avec chaque résultat

Votre développement - résultats

Vous n’avez pas pris ce quiz